000
00363nam a22001577a 4500
003
MPLRDC
005
20220104143236.0
008
210129b ||||| |||| 00| 0 eng d
082
_a
848.1 LX-6 c.3*
100
_a
鲁迅著
245
_a
狂人日记
_c
260
_a
_b
世界书局有限公司
_c
300
_b
平
650
_a
942
_c
BK
_o
848.1 LX-6 c.3*
999
_c
37997
_d
37987